000 00728nam a2200205Ia 4500
001 3099
003 GE_BSU
008 181216s||||||||xx |||||||||||||| ||und||
040 _cGE_BSU
080 _a624.953
100 _aГофман-Захаров,П.М.
245 _aПроектирование и сооружение подземных резервуаров-нефтегазохранилищ.
245 _cред.С.Н.Сотниченко.
260 _aКиев.
260 _bБудивельник.
260 _c1973.
300 _a244стр.21см.
653 _aПроектирование и сооружение подземных резервуаров-нефтегазохранилищ.
942 _cBK
999 _c37143
_d37143